000 00444 a2200157 4500
020 _a9781558606432
040 _aDLC
_bDLC
082 _a153.8520285
100 _aFogg, B. J.
245 _aPersuasive technology : using computers to change what we think and do
_cB. J. Fogg
260 _aNew York
_bM K publishers
_c2003.
300 _a283 p.
650 _aHuman-computer interaction
700 _aB. J.Fogg
942 _cBK
_k153.8520285 FOG
_2ddc
999 _c10792
_d10792